Score 0/26 Timer 05:00
4 Plays Today
Letter Character % Correct
AAlbus Dumbledore
97.6%
HHarry Potter
97.4%
DDraco Malfoy
93.6%
GGeorge Weasley
93%
RRon Weasley
92.8%
BBill Weasley
91.9%
CCornelius Fudge
90.9%
FFred Weasley
90.8%
LLuna Lovegood
89.8%
SSeverus Snape
87.7%
PPercy Weasley
86.7%
MMinerva McGonagall
86.6%
NNeville Longbottom
83.7%
Letter Character % Correct
TTom Riddle
76.1%
JJames Potter
74.7%
KKreacher
68.5%
VVernon Dursley
66.9%
EErnie Macmillan
66%
XXenophilius Lovegood
56.5%
OOliver Wood
54.2%
IIgor Karkaroff
53.5%
WWinky
51.3%
QQuirinus Quirrell
39.9%
ZZacharias Smith
23.2%
YYvonne
10%
UUrg the Unclean
8%

You're not logged in!

Compare scores with friends on all Sporcle quizzes.
OR
Log In

Sporcle TV

Today on Sporcle TV


Watch our educational content, quiz creation guides, and fun videos on Sporcle TV.

Show Comments

Extras

Top Quizzes Today


Score Distribution

Your Account Isn't Verified!

In order to create a playlist on Sporcle, you need to verify the email address you used during registration. Go to your Sporcle Settings to finish the process.

Report this User

Report this user for behavior that violates our Community Guidelines.

Details: